Strawinsky.

Bibliographic Details
Main Author: Schaeffner, André, 1895-1980
Format: Book
Language:French
Published: Paris : Rieder, [1931]
Subjects:

MARC

Tag First Indicator Second Indicator Subfields
LEADER 00000cam a2200000 4500
001 in00000021069
005 20151007060944.0
008 720912s1931 fr af 00000bfre u
010 |a  31025793  
035 |a (OCoLC)00404423 
035 |9 AAD0678AM 
040 |c OUN  |d TXA  |d UtOrBLW 
049 |a TXAM  |c [296836] 
050 0 |a ML410.S932  |b S4 
092 |a 780.92  |b S9121sc 
100 1 |a Schaeffner, André,  |d 1895-1980. 
245 1 0 |a Strawinsky. 
264 1 |a Paris :  |b Rieder,  |c [1931] 
264 4 |c [©1931] 
300 |a 127 pages :  |b lX plate, illustrations 
336 |a text  |b txt  |2 rdacontent 
337 |a unmediated  |b n  |2 rdamedia 
338 |a volume  |b nc  |2 rdacarrier 
536 |a From the Howard Mayer Brown, Edward Downes and Mary Schieffelin book collections, October 2004. 
600 1 0 |a Stravinsky, Igor,  |d 1882-1971. 
999 |a MARS 
999 f f |s 1cb03495-92a0-3f08-9619-88f7274e2edf  |i 8ee09637-ec08-311b-96f1-499f06d7a692  |t 0 
952 f f |p ric  |a Texas A&M University  |b Rellis Campus  |c Joint Library Facility  |d Remote Storage  |t 0  |e ML410.S932 S4  |h Library of Congress classification  |i unmediated -- volume  |m A14801168094 
952 f f |p storage  |a Texas A&M University  |b J.J. Pickle Campus  |c High Density Repository  |d Remote Storage  |t 0  |e ML410.S932 S4  |h Library of Congress classification  |i unmediated -- volume  |m A14833634403 
998 f f |a ML410.S932 S4  |t 0  |l Remote Storage 
998 f f |a ML410.S932 S4  |t 0  |l Remote Storage